Malam MATRADE ( 4 December 2009: MATRADE Hall Menara MATRADE, Kuala Lumpur).
| Corporate Author: | |
|---|---|
| Format: | Book |
| Subjects: |
| LEADER | 00529cam a2200145 7i4500 | ||
|---|---|---|---|
| 001 | 0000026371 | ||
| 005 | 20110602090000.0 | ||
| 090 | 0 | 0 | |a PHOT 300 |b MAL |
| 110 | 2 | 0 | |a Malaysia External Ttade Development Corporation (MATRADE) |
| 245 | 2 | 0 | |a Malam MATRADE ( 4 December 2009: MATRADE Hall Menara MATRADE, Kuala Lumpur). |
| 300 | # | # | |a 12photographs: |b Col.1. |
| 500 | 0 | 0 | |a Photographs |
| 650 | 0 | 0 | |a MATRADE -- |x Photograph collection -- |x 2009 |
| 650 | 0 | 0 | |a Malam MATRADE -- |x 2009 |
| 999 | |a PC00000757 |b Photographs |c Photographs |e Business Information Centre | ||